00434pab a2200145 454500008004000000100001800040245009800058260000900156300001700165362000800182650001900190650002600209700001900235773003400254180718b2010 xxu||||| |||| 00| 0 eng d aPhatel, Karen aFrom ethnic boundaries to ethnic penalties: Urban economies and the Turkish second generation c2010 ap.1824-1850. aAug aDiscrimination aEthnic discrimination aHeath, Anthony aAmerican Behavioral Scientist